000 00534nam a2200193Ia 4500
003 GCL
008 140319s9999 xx 000 0 eng d
040 _aGCL /
_cGCL
082 0 4 _a621.312136
_bH W
100 1 _aHUNTER, RAY
245 1 0 _aWind- Diesel systems: Aguide to the Techcology and its Implementation /
_cHUNTER, RAY
700 1 _aELLIOT, GEORGE
260 _a[S.N] :
_bCAMLRIDGE UNIVERSITY PRESS ،
_c1994
300 _a249 P P
650 0 4 _aWIND POWER
650 0 4 _aWINDS
650 0 4 _aDIESEL NOLOR
942 _2ddc
_cBK
999 _c16534
_d16534